000 00368nam a2200157Ia 4500
008 230524s9999 xx 000 0 und d
082 _a4
_bXAV
100 _aC.Xavier
_92838
245 0 _aIntroduction to Computers
250 _a2ND
260 _aNEW DELHI
_bNew Age
_c2001
300 _aXIX;681
500 _aQuantity Number: 8
650 _aComp-Sc
942 _cBK
999 _c14700
_d14700